| 000 | 02667nam0a2200433 4500 | ||
|---|---|---|---|
| 001 | RU\NLR\bibl\1356471 | ||
| 005 | 20260405180253.0 | ||
| 010 |
_a978-5-94729-094-3 _9150 |
||
| 021 |
_aRU _b2009-10905 _9641 |
||
| 035 | _a(nilc)RSL-KNO-004251075 | ||
| 035 | _a(NLR Aleph) 001348666 | ||
| 090 |
_a906678 _c906678 |
||
| 100 | _a20090302d2008 |||y0rusy50 ca | ||
| 101 | 0 |
_arus _deng _eeng |
|
| 102 | _aRU | ||
| 105 | _aa ||||||||| | ||
| 200 | 1 |
_aНаучные основы лососеводства в Магаданской области _dScientific foudations for salmon management in Magadan Region _fЛ. Л. Хованская _gФедеральное агентство по рыболовству Российской Федерации, Федеральное гос. унитарное предприятие "Магаданский науч.-исслед. ин-т рыбного хоз-ва и океанографии (ФГУП "МагаданНИРО") _zeng |
|
| 210 |
_aМагадан _cМагаданНИРО _cСВНЦ ДВО РАН _d2008 |
||
| 215 |
_a167 с. _cил., карт. _d26 |
||
| 300 | _aАвт. также на англ. яз.: L.L. Khovanskaya | ||
| 300 | _aРез. на англ. яз. | ||
| 320 | _aБиблиогр.: с. 141-150 | ||
| 510 | 0 |
_6z11790 _aScientific foudations for salmon management in Magadan Region _zeng |
|
| 606 | 1 |
_aЛососевые _xРазведение _yМагаданская область _92554729 _3RU\NLR\auth\661511548 |
|
| 610 | 0 | _aСельское и лесное хозяйство. Сельскохозяйственные и лесохозяйственные науки -- Охотничье хозяйство. Рыбное хозяйство -- Рыбное хозяйство -- Отдельные промысловые рыбы -- Лосось | |
| 610 | 0 | _aСельское и лесное хозяйство. Сельскохозяйственные и лесохозяйственные науки -- Российская Федерация -- Магаданская область -- Рыбное хозяйство | |
| 610 | 0 | _aискусственное разведение | |
| 686 |
_aП729.31,0 _2rubbk |
||
| 686 |
_aП9(2Р55-4М)72,0 _2rubbk |
||
| 686 | _aП729.3-3 | ||
| 700 | 1 |
_4070 _8rus _7ca _aХованская _bЛ. Л. _gЛариса Леонидовна _3RU\NLR\auth\7777241 _960169 |
|
| 790 | 1 |
_4070 _8rus _7ba _aChovanskaja _bL. L. _gLarisa Leonidovna _3RU\NLR\auth\7777243 _960171 |
|
| 801 | 0 |
_aRU _bРКП _c20090302 _grcr |
|
| 801 | 1 |
_aRU _bРГБ _c20090302 |
|
| 801 | 2 |
_aRU _bNLR _c20090414 _grcr |
|
| 942 | _cBOOK | ||
| 980 | _aNB | ||
| 980 | _aNBR | ||